[Event "St Affrique op"]
[Site "St Affrique"]
[Date "1995.??.??"]
[Round "5"]
[White "Kosten, Anthony C"]
[Black "Kuczynski, Robert"]
[Result "1/2-1/2"]
[WhiteElo "2540"]
[BlackElo "2480"]

1.c4 c6 2.e4 d5 3.exd5 cxd5 4.d4 Nf6 5.Nc3 e6 6.Nf3 Be7 7.cxd5 Nxd5 8.Bd3 O-O
9.O-O Nc6 10.Re1 Bf6 11.Be4 Nce7 12.Ne5 Bd7 13.Qd3 g6 14.Bh6 Bg7 15.Bxg7 Kxg7
16.Bxd5 exd5 17.h3 f6 18.Nf3 Bc6 19.Re2 Qd7 20.b4 b6 21.b5 Bb7 22.a4 g5 23.Rae1 Ng6
24.Re3 Rae8 25.Nh2 Rxe3 26.Qxe3 Rf7 27.Qd2 Re7 28.Rxe7+ Qxe7 29.Nf1 Qd6 30.Qe3 Kf7
31.Ng3 Qf4 32.Qxf4 Nxf4 33.h4 Bc8 34.hxg5 fxg5 35.Nf1 Ne6 36.Ne2 a6 37.Ne3 axb5
38.axb5 Bd7 39.Nxd5 Bxb5 40.Nec3 Nxd4  1/2-1/2

[Event "St Ingbert op"]
[Site "St Ingbert op"]
[Date "1995.??.??"]
[Round "3"]
[White "Bukal, Vladimir Sr"]
[Black "Woller, Rainer"]
[Result "1/2-1/2"]
[WhiteElo "2430"]
[BlackElo "2230"]

1.c4 c6 2.e4 d5 3.exd5 cxd5 4.d4 Nf6 5.Nc3 e6 6.cxd5 Nxd5 7.Nf3 Be7 8.Bd3 O-O
9.O-O Nc6 10.Re1 Bf6 11.Be4 Nce7 12.Qd3 g6 13.Bh6 Re8 14.Rad1 b6 15.Ne5 Bg7
16.Qf3 Rf8 17.Bxg7 Kxg7 18.h4 h5 19.Qg3 Bb7 20.Rd3 Nf5 21.Bxf5 exf5 22.Nf3 Re8
23.Ne5 f4 24.Qg5 Qxg5 25.hxg5 Rad8 26.Red1 Nc7 27.Nf3 Nd5 28.Ne5 Nc7 29.Nf3 Nd5
30.a3 Re7 31.Ne5 Nc7 32.Nf3 Nd5 33.Ne5 Nc7 34.Nf3 Nd5  1/2-1/2

[Event "St Petersburg op"]
[Site "St Petersburg"]
[Date "1995.??.??"]
[Round "2"]
[White "Vaulin, Alexander"]
[Black "Burmakin, Vladimir"]
[Result "0-1"]
[WhiteElo "2510"]
[BlackElo "2555"]

1.c4 c6 2.Nf3 d5 3.d4 Nf6 4.Nc3 a6 5.c5 Nbd7 6.Bf4 g6 7.h3 Bg7 8.e3 O-O 9.Be2 Ne4
10.Nxe4 dxe4 11.Nd2 e5 12.Bxe5 Nxe5 13.dxe5 Qd5 14.Nc4 Qxc5 15.Qd6 Qxd6 16.exd6 b5
17.Nb6 Bxb2 18.Rd1 Bc3+ 19.Kf1 Rb8 20.d7 Bb7 21.Nc8 Rd8 22.Nd6 c5 23.Ne8 Bc6
24.Nc7 Rxd7 25.Rxd7 Bxd7 26.Nxa6 Rc8 27.g4 Kf8 28.Kg2 c4 29.Rd1 Be6 30.Rb1 Bd2
31.Bd1 Rc6 32.Nb4 Bxb4 33.Rxb4 c3 34.Bc2 Bc4 35.Bxe4 Ra6 36.Bb1 Ke7  0-1

[Event "Chigorin mem"]
[Site "St Petersburg"]
[Date "1995.??.??"]
[Round "6"]
[White "Bursteinas, Romanas"]
[Black "Dmitriev, Igor"]
[Result "0-1"]
[WhiteElo "2195"]
[BlackElo "2450"]

1.c4 c6 2.g3 e5 3.d4 exd4 4.Qxd4 d5 5.Bg2 Nf6 6.Bg5 Be7 7.cxd5 cxd5 8.Nc3 Nc6
9.Qd2 d4 10.Bxf6 Bxf6 11.Ne4 Be7 12.Qd1 Qb6 13.b3 Bb4+ 14.Nd2 Bc3 15.Rc1 Nb4
16.a3 Na2 17.Rc2 Qxb3 18.Kf1 Qxa3 19.Nc4 Qa6 20.Ne5 O-O 21.Ngf3 Bf5 22.Ng5 Nb4
23.Rc1 Rad8 24.Qb3 Qa2 25.Qd1 f6 26.g4 Bc8 27.Nef7 Rxf7 28.Nxf7 Kxf7  0-1

[Event "St Petersburg op"]
[Site "St Petersburg"]
[Date "1995.??.??"]
[Round "7"]
[White "Ionov, Sergey"]
[Black "Burmakin, Vladimir"]
[Result "0-1"]
[WhiteElo "2525"]
[BlackElo "2555"]

1.c4 c6 2.d4 d5 3.Nf3 Nf6 4.Qc2 g6 5.Bf4 Bf5 6.Qb3 Qb6 7.c5 Qxb3 8.axb3 Bxb1
9.Rxb1 Nbd7 10.h3 Bg7 11.e3 Ng8 12.b4 a6 13.Ra1 Rc8 14.Be2 f6 15.Bh2 e5 16.O-O Nh6
17.Rfd1 Nf7 18.dxe5 Ndxe5 19.Nd4 Ke7 20.g4 Rhe8 21.Kg2 Nd8 22.h4 Kf7 23.h5 Ne6
24.hxg6+ hxg6 25.Bg3 Rcd8 26.Nxe6 Kxe6 27.f4 Nf7 28.Be1 f5 29.Bc3 Bxc3 30.bxc3 fxg4
31.Bxg4+ Kf6 32.Kf3 Nh6 33.Bh3 Re7 34.Rd4 Rde8 35.Re1 Nf5 36.Bxf5 gxf5 37.c4 Re4
38.Rxe4 dxe4+ 39.Ke2 Rh8 40.Rf1 Rh3 41.Rf2 Rh7 42.Rf1 Rh8 43.Rf2 a5 44.bxa5 Ra8
45.Rh2 Rxa5 46.Rh7 Rxc5 47.Rxb7 Rxc4 48.Kd2 Rc5 49.Rc7 Ke6 50.Rc8 Kd5 51.Ra8 Kc4
52.Kc2 Kb4+ 53.Kb2 Ra5 54.Rd8 Rd5 55.Rf8 Kc4 56.Kc2 Ra5 57.Rf6 Ra2+ 58.Kb1 Rf2
59.Rxf5 Kd3 60.Rf8 Kxe3 61.f5 Rf4  0-1

[Event "St Petersburg op"]
[Site "St Petersburg"]
[Date "1995.??.??"]
[Round "9"]
[White "Makarov, Marat"]
[Black "Neverov, Valeriy"]
[Result "1/2-1/2"]
[WhiteElo "2520"]
[BlackElo "2490"]

1.c4 c6 2.d4 d5 3.e3 e6 4.Nf3 Nf6 5.Bd3 Nbd7 6.Nbd2 b6 7.O-O Bb7 8.b3 Be7
9.Bb2 O-O 10.Qe2 c5 11.cxd5 Nxd5 12.Rac1 Rc8 13.Nc4 cxd4 14.Nxd4 a6 15.Nf3  1/2-1/2

[Event "Stockholm op"]
[Site "Stockholm"]
[Date "1995.??.??"]
[Round "3"]
[White "Zetterberg, Staffan"]
[Black "Persson, Lars"]
[Result "1-0"]
[WhiteElo "2180"]
[BlackElo "2075"]

1.c4 c6 2.Nf3 d5 3.g3 e6 4.b3 b6 5.Bb2 f5 6.Bg2 Nf6 7.d3 Bb7 8.Nbd2 Bc5 9.O-O O-O
10.a3 a5 11.Ne5 Nbd7 12.Ndf3 Qe7 13.Qd2 Rad8 14.Qg5 Nxe5 15.Nxe5 Nd7 16.Qxe7 Bxe7
17.Nxd7 Rxd7 18.Bc3 Rdd8 19.Be5 Bf6 20.Bxf6 gxf6 21.Rfc1 Rc8 22.Ra2 Kf7 23.Rac2 d4
24.b4 axb4 25.axb4 Ke7 26.b5 Kd6 27.Rb2 Kc7 28.c5 bxc5 29.bxc6 Bxc6 30.Rxc5 Kd6
31.Rxc6+ Rxc6 32.Bxc6 Kxc6 33.f4 Ra8 34.Kf2 Kd7 35.Rb7+ Kd6 36.Rxh7 Rf8 37.Ra7 Rh8
38.Kg2 e5 39.Ra6+ Ke7 40.Ra4 Rd8 41.Ra7+ Ke6 42.Ra6+ Kf7 43.Ra4 e4 44.h3 Kg6
45.g4 Rd6 46.Kg3 fxg4 47.hxg4 exd3 48.f5+ Kg5 49.exd3 Rd8 50.Ra7 Re8 51.Rg7+ Kh6
52.Rg6+ Kh7 53.Rxf6 Re3+ 54.Kf4 Rxd3 55.Rd6 Rd1 56.Kg5 d3 57.f6 d2 58.Rd7+ Kg8
59.Kg6  1-0

[Event "Stockholm"]
[Site "Stockholm"]
[Date "1995.??.??"]
[Round "7"]
[White "Davies, Nigel R"]
[Black "Engqvist, Thomas"]
[Result "0-1"]
[WhiteElo "2505"]
[BlackElo "2405"]

1.c4 c6 2.Nf3 Nf6 3.g3 d5 4.Bg2 g6 5.b3 Bg7 6.Bb2 O-O 7.O-O b6 8.d3 Bb7 9.Nbd2 Nbd7
10.Rc1 Ne8 11.Bxg7 Nxg7 12.d4 Nf6 13.Qc2 Nf5 14.Rfd1 Nd6 15.Ne5 Nf5 16.Qb2 Rc8
17.Ndf3 e6 18.Qa3 a6 19.e3 Qe7 20.Qxe7 Nxe7 21.c5 b5 22.a4 Ra8 23.g4 h6 24.h4 Rfd8
25.Ne1 Nh7 26.f4 f6 27.N5f3 a5 28.axb5 cxb5 29.Bf1 Bc6 30.Nd3 Rdb8 31.Rd2 a4
32.Nb4 Be8 33.Ne1 g5 34.Ned3 gxh4 35.Ra2 axb3 36.Rb2 h5 37.gxh5 Bxh5 38.Rxb3 Be8
39.c6 Rc8 40.Rbc3 Nf8 41.Bh3 Ra4 42.Rc5 Bg6 43.Rxb5 Bxd3 44.Nxd3 Rc4 45.Rxc4 dxc4
46.Nb4 Nxc6 47.Rc5 Ne7 48.Bf1 Rxc5 49.dxc5 Nd7 50.Bxc4 Nxc5 51.Kf2 Kf7 52.Kf3 Nf5
53.Bf1 Ke7 54.Nc2 Kd6 55.Bc4 h3 56.Bf1 h2 57.Bg2 Nh4+ 58.Kg3 Nxg2 59.Kxg2 Kd5
60.Kxh2 Ke4 61.Nb4 f5 62.Kg3 Kxe3 63.Nc2+ Kd3 64.Ne1+ Ke3 65.Ng2+ Ke2 66.Nh4 Ne4+
67.Kg2 Ke3 68.Ng6 Nc5 69.Kh3 Nd3 70.Kg3 Nf2 71.Kh4 Ne4 72.Nf8 Nc5 73.Kg5 Ke4
74.Nh7 Nd7 75.Kh4 Kxf4 76.Ng5 e5 77.Ne6+ Ke3 78.Kg3 f4+ 79.Kg2 e4 80.Kf1 Ne5
81.Ng5 f3 82.Nh3 Ng4  0-1

[Event "Strumica"]
[Site "Strumica"]
[Date "1995.??.??"]
[Round "1"]
[White "Kurajica, Bojan"]
[Black "Kutirov, Rolando"]
[Result "1/2-1/2"]
[WhiteElo "2585"]
[BlackElo "2425"]

1.c4 c6 2.Nf3 d5 3.Qc2 Nf6 4.b3 g6 5.Bb2 Bg7 6.d3 O-O 7.Nbd2 b6 8.g3 Bb7
9.Bg2 Na6 10.a3 c5 11.O-O Rc8 12.Rad1 Rc7 13.Be5 Rd7 14.Bh3 e6 15.Qb2 Qe7
16.cxd5 Bxd5 17.Bc3 Rc8 18.e4 Ba8 19.Nc4 Nc7 20.a4 Rdd8 21.Nce5 h6 22.Nh4 Nce8
23.Nhxg6 fxg6 24.Nxg6 Qd7 25.Ne5 Qd6 26.Ng6 Nh7 27.e5 Ng5 28.Bg4 Qd7 29.f4  1/2-1/2

[Event "SVK-chT"]
[Site "?"]
[Date "1995.??.??"]
[Round "?"]
[White "Harasta, Vladimir"]
[Black "Polko, Juraj"]
[Result "1-0"]
[WhiteElo "2230"]
[BlackElo "2200"]

1.c4 c6 2.d4 d5 3.cxd5 cxd5 4.Nf3 Nf6 5.Nc3 g6 6.Bf4 Bg7 7.e3 O-O 8.Bd3 Bg4
9.h3 Bxf3 10.Qxf3 Nc6 11.O-O Re8 12.Rfd1 a6 13.Rac1 Qa5 14.a3 e5 15.dxe5 Nxe5
16.Bxe5 Rxe5 17.Bb1 Rae8 18.Rd4 Ne4 19.Nxd5 Rf5 20.Rxe4 Rxf3 21.Rxe8+ Bf8
22.Nb4 Rf5 23.Bxf5 Qxf5 24.e4 Qf6 25.e5 Qf5 26.Rcc8 Qb1+ 27.Kh2 Qxb2 28.Rxf8+ Kg7
29.Nd3 Qxa3 30.Rfd8 Qe7 31.Re8 Qa3 32.Rcd8 Qa4 33.Re7  1-0

[Event "SVK-chT"]
[Site "?"]
[Date "1995.??.??"]
[Round "?"]
[White "Sedlacek, Pavol"]
[Black "Petrik, Karol"]
[Result "0-1"]
[WhiteElo "2210"]
[BlackElo "2260"]

1.c4 c6 2.d4 Nf6 3.Nc3 d5 4.Nf3 Bf5 5.Qb3 Qb6 6.Qxb6 axb6 7.cxd5 Nxd5 8.Nxd5 cxd5
9.Bd2 f6 10.e3 Nc6 11.Bb5 Bd7 12.O-O e6 13.Rfd1 Bd6 14.Bc3 Na7 15.Be2 b5
16.a3 Nc8 17.Bb4 Ke7 18.Ne1 Bxb4 19.axb4 Nd6 20.Bd3 h6 21.Nc2 Nc4 22.Bxc4 bxc4
23.Rxa8 Rxa8 24.Ra1 Rxa1+ 25.Nxa1 Ba4 26.Kf1 e5 27.Ke2 Ke6 28.f3 g5 29.g3 Kf5
30.h3 Ke6 31.Kd2 exd4 32.exd4 Kd6 33.b3 Bxb3 34.Nxb3 cxb3 35.Kc3 Kc6 36.Kxb3 Kb5
37.f4 gxf4 38.gxf4 f5 39.h4  0-1

[Event "BCF-ch"]
[Site "Swansea"]
[Date "1995.??.??"]
[Round "6"]
[White "Williams, Simon"]
[Black "Levitt, Jonathan"]
[Result "1/2-1/2"]
[WhiteElo "2250"]
[BlackElo "2420"]

1.c4 c6 2.Qa4 g6 3.g3 Bg7 4.Bg2 d6 5.Nc3 e5 6.d3 f5 7.h4 Nf6 8.Nd5 Nbd7 9.Nxf6+ Nxf6
10.b4 O-O 11.Bb2 Qe7 12.Qb3 Kh8 13.Nf3 Bd7 14.c5 Rae8 15.cxd6 Qxd6 16.Ng5 h6
17.Nh3 Be6 18.Qc3 Bd5 19.Bxd5 Nxd5 20.Qc5 Qxc5 21.bxc5 e4 22.Bxg7+ Kxg7 23.Kd2 exd3
24.exd3 Rf7 25.Nf4 Nxf4 26.gxf4 Rfe7 27.Rhf1 Re2+ 28.Kc3 Kf6 29.a4 R8e7 30.a5 Ke6
31.Rg1 Kd5 32.Rxg6 Rxf2 33.Rxh6 Kxc5 34.Rf6 Rxf4 35.h5 Rd7 36.Re1 Rf3 37.Re5+ Rd5
38.Rxd5+ cxd5 39.h6 d4+ 40.Kc2 Kb4 41.a6 Rf2+ 42.Kd1 b5 43.h7 Rh2 44.Rf7 Ka5
45.Rxa7 Kb6 46.Rf7 Kxa6 47.Rxf5 Rxh7 48.Rd5 Rh2 49.Rxd4 Ka5 50.Rd8 Ka4 51.d4 Kb3
52.d5 b4 53.d6 Rh6 54.Ke2  1/2-1/2

[Event "BCF-ch"]
[Site "Swansea"]
[Date "1995.??.??"]
[Round "10"]
[White "Kelly, Bryan"]
[Black "Ferguson, Mark"]
[Result "1/2-1/2"]
[WhiteElo "2300"]
[BlackElo "2360"]

1.c4 c6 2.Nc3 d5 3.d4 Nf6 4.Nf3 dxc4 5.a4 Bf5 6.e3 e6 7.Bxc4 Bb4 8.O-O Nbd7
9.Qe2 Bg6 10.Rd1 Qc7 11.Bd2 O-O 12.Rac1 a5 13.Be1 Rfe8 14.Ba2 Rac8 15.h3 Qb8
16.Nb1 Qa7 17.Nbd2 Nb6 18.Bb3 Ne4 19.Nxe4 Bxe4 20.Ng5 Bg6 21.Bxb4 axb4 22.Qd2 Ra8
23.Qxb4 Qa5 24.Qxa5 Rxa5 25.Rc5 Rea8 26.Nf3 R5a7 27.Ra1 Nxa4 28.Bxa4 Rxa4
29.Rxa4 Rxa4 30.Rc3 Rb4 31.b3 f6 32.Kf1 Kf8 33.Ke2 Bh5 34.g4 Bf7 35.Kd3 Bg6+
36.Kd2 Ke7 37.Ne1 Rb5 38.f3 e5 39.dxe5 Rxe5 40.Nc2 Rd5+ 41.Ke2 Ra5 42.e4 Ra2
43.Ke3 Bf7 44.Nd4 g6 45.b4 Kd6 46.Rd3 Kc7 47.Rc3 Kb6 48.Kf4 Rh2 49.g5 fxg5+
50.Kxg5 Rd2 51.Nc2 Be6 52.h4 Bc8 53.Kh6 Rh2 54.Kg5 Rd2 55.Kh6  1/2-1/2

[Event "Czerniak mem"]
[Site "Tel Aviv"]
[Date "1995.??.??"]
[Round "10"]
[White "Shabtai, Ran"]
[Black "Karp, Michael"]
[Result "1-0"]
[WhiteElo "2330"]
[BlackElo "2275"]

1.c4 c6 2.Nc3 d5 3.d4 Nf6 4.cxd5 cxd5 5.Bf4 Nc6 6.e3 Bg4 7.Qb3 Qb6 8.Qxb6 axb6
9.Bc7 Rc8 10.Bxb6 Nd7 11.Bc5 Nxc5 12.dxc5 d4 13.Na4 dxe3 14.fxe3 g6 15.Bb5 Bh6
16.h3 Bf5 17.Kf2 O-O 18.Ne2 Nb4 19.Nd4 Bc2 20.a3 e5 21.axb4 exd4 22.exd4 Rcd8
23.Rad1 Bxd1 24.Rxd1 Rd5 25.Nb6 Rf5+ 26.Ke2 Rd8 27.Bd7 Rf4 28.b5 Re4+ 29.Kd3 Re7
30.c6 bxc6 31.bxc6 Kf8 32.c7  1-0

[Event "JUG-chT"]
[Site "Tivat"]
[Date "1995.??.??"]
[Round "3"]
[White "Jovic, Aleksandar"]
[Black "Radlovacki, Jovan"]
[Result "1-0"]
[WhiteElo "2360"]
[BlackElo "2375"]

1.c4 c6 2.Nf3 d6 3.d4 Bg4 4.Nc3 Nd7 5.e3 e5 6.Be2 Ngf6 7.O-O Be7 8.Qc2 O-O
9.Rd1 Qc7 10.b3 Rfe8 11.Ba3 Bh5 12.Bb2 a6 13.Rd2 Rac8 14.Rad1 Bf8 15.dxe5 dxe5
16.Ng5 Bg6 17.Bd3 Bxd3 18.Qxd3 h6 19.Nge4 b5 20.Nxf6+ Nxf6 21.Ne4 Nxe4 22.Qxe4 Qa5
23.Qc2 Rcd8 24.Bc3 Rxd2 25.Rxd2 Bb4 26.Bxb4 Qxb4 27.cxb5 cxb5 28.g3 g6 29.Rd7 Qg4
30.Qc6 h5 31.h4 e4 32.Rd4 Re6 33.Rd8+ Kg7 34.Qc5 Qf3 35.Qf8+ Kf6 36.Rd7 Ke5
37.Qb8+  1-0

[Event "JUG-chT"]
[Site "Tivat"]
[Date "1995.??.??"]
[Round "3"]
[White "Cvetkovic, Srdjan"]
[Black "Kosic, Dragan"]
[Result "0-1"]
[WhiteElo "2435"]
[BlackElo "2515"]

1.c4 c6 2.Nf3 d5 3.d4 Nf6 4.Nc3 e6 5.Qb3 dxc4 6.Qxc4 b5 7.Qb3 Nbd7 8.Bg5 c5
9.d5 c4 10.Qxb5 Rb8 11.Qxc4 exd5 12.Nxd5 Qa5+ 13.Nc3 Nc5 14.Bxf6 gxf6 15.O-O-O Rb4
16.Qd5 Bb7 17.Qd2 Be7 18.Nd4 Ne4 19.Nb3 Qc7 20.Qc2 Nxf2 21.e3 Nxd1 22.Qxd1 Qe5
23.Bd3 O-O 24.Qc2 Qxe3+ 25.Kb1 Rd8 26.Bxh7+ Kg7 27.Rc1 Rh4 28.Bf5 Rf4 29.Na5 Ba8
30.g4 Bb4 31.Nb3 Rf2 32.Nd1 Rxc2 33.Nxe3 Rxh2 34.a3 Bd6 35.Rd1 Rb8 36.Rxd6 Rxb3
37.Nc4 Rb5 38.Rd7 Bd5 39.Bd3 Bxc4 40.Bxc4 Rbxb2+ 41.Ka1 Rbc2  0-1

[Event "JUG-chT"]
[Site "Tivat"]
[Date "1995.??.??"]
[Round "4"]
[White "Todorovic, Goran N"]
[Black "Kosic, Dragan"]
[Result "1/2-1/2"]
[WhiteElo "2420"]
[BlackElo "2515"]

1.c4 c6 2.e4 d5 3.exd5 cxd5 4.d4 Nf6 5.Nc3 Nc6 6.Nf3 Bg4 7.cxd5 Nxd5 8.Qb3 Bxf3
9.gxf3 Nb6 10.d5 Nd4 11.Qd1 e5 12.dxe6 fxe6 13.Be3 Bc5 14.Bb5+ Nxb5 15.Qxd8+ Rxd8
16.Bxc5 Nxc3 17.bxc3 Na4 18.Bb4 b6 19.Rg1 a5 20.Ba3 Rg8 21.Rg4 Nxc3 22.Bb2 Nd5
23.Bxg7 h5 24.Rg3 Kf7 25.Bh6 b5 26.a3 Kf6 27.Bd2 b4 28.axb4 axb4 29.Rb1 Kf5
30.Rb2 h4 31.Rxg8 Rxg8 32.Bxb4 Rg1+ 33.Ke2 Rh1 34.Bd2 Rxh2 35.Rb8 Rh1 36.Rf8+ Ke5
37.Rh8 Kd4 38.Rh6 Ke5 39.Rh5+ Kd6 40.Rh6 h3 41.f4 Ke7 42.Rh7+ Ke8 43.Kf3 Kf8
44.Kg3 Nf6 45.Bb4+ Kg8 46.Rxh3 Ne4+ 47.Kg2 Rxh3 48.Kxh3  1/2-1/2

[Event "Tivat op"]
[Site "Tivat"]
[Date "1995.??.??"]
[Round "6"]
[White "Shurygin, Sergey"]
[Black "Blagojevic, Dragisa"]
[Result "1/2-1/2"]
[WhiteElo "2295"]
[BlackElo "2470"]

1.c4 c6 2.e4 e5 3.Nf3 d6 4.d4 Bg4 5.dxe5 Bxf3 6.gxf3 dxe5 7.Qxd8+ Kxd8 8.f4 Bb4+
9.Ke2 f6 10.Bh3 Kc7 11.Rg1 g6 12.Be3 Na6 13.Rd1 Bd6 14.fxe5 fxe5 15.b4 Nf6
16.a3 Rad8 17.Nc3 Nh5 18.Rac1 Be7 19.Nb5+ Kb8 20.Nc3 Nc7 21.Rxd8+ Rxd8 22.Rd1 Rxd1
23.Kxd1 a5 24.c5 axb4 25.axb4 Bf6 26.Kc2 Nf4 27.Bxf4 exf4 28.Ne2 g5 29.Bg4 Na6
30.Kb3 b6 31.cxb6 Be7 32.h4 h6 33.hxg5 hxg5 34.Nd4 Nxb4 35.Kc4 Kb7 36.Nf5 Bf8
37.Bf3 Kxb6 38.e5 Nd5 39.Bxd5 cxd5+ 40.Kxd5 g4 41.Ke4 g3 42.fxg3 fxg3 43.Nxg3 Kc6
44.Nh5 Kd7 45.Kf5 Ba3 46.Nf6+ Kd8 47.e6 Bc5 48.Ke5 Ba3  1/2-1/2

[Event "Tivat op"]
[Site "Tivat"]
[Date "1995.??.??"]
[Round "8"]
[White "Lekic, Dusan"]
[Black "Blagojevic, Dragisa"]
[Result "1-0"]
[WhiteElo "2370"]
[BlackElo "2470"]

1.c4 c6 2.Nf3 d5 3.g3 Nf6 4.Bg2 Bg4 5.O-O e6 6.d4 Nbd7 7.b3 Be7 8.Bb2 O-O
9.Nc3 Qa5 10.a3 Rfd8 11.Nd2 dxc4 12.h3 Bh5 13.Nxc4 Qc7 14.Qc2 Nd5 15.e4 Nxc3
16.Bxc3 f6 17.Qb2 Nb6 18.Ne3 c5 19.d5 exd5 20.exd5 Bd6 21.Rfe1 Re8 22.Rac1 Nd7
23.f4 Bf7 24.Rc2 Re7 25.Rce2 Rae8 26.Bf3 h5 27.Nf5 Rxe2 28.Rxe2 Nb6 29.Bxf6 Rxe2
30.Bxe2 gxf6 31.Qxf6 Bf8 32.d6 Qc6 33.Bd3 c4 34.Ne7+ Bxe7 35.Bh7+ Kxh7 36.Qxf7+ Kh6
37.dxe7 Qf3 38.Qf6+ Kh7 39.Qf5+ Kg7 40.e8=Q  1-0

[Event "JUG-chT"]
[Site "Tivat"]
[Date "1995.??.??"]
[Round "10"]
[White "Lekic, Dusan"]
[Black "Cabarkapa, Spasoje"]
[Result "1-0"]
[WhiteElo "2430"]
[BlackElo "2265"]

1.c4 c6 2.e4 g6 3.d4 d6 4.Nc3 Bg7 5.f4 Nf6 6.Nf3 O-O 7.Be3 a6 8.a4 a5 9.Bd3 Na6
10.h3 c5 11.d5 e6 12.O-O exd5 13.cxd5 Re8 14.Nd2 Nc7 15.Bf2 b6 16.Qf3 Ba6
17.Rfe1 Bxd3 18.Qxd3 Qd7  1-0

[Event "Toronto op"]
[Site "Toronto"]
[Date "1995.??.??"]
[Round "5"]
[White "Spraggett, Grant"]
[Black "Duong Thanh Nha"]
[Result "1/2-1/2"]
[WhiteElo "2355"]
[BlackElo "2285"]

1.c4 c6 2.b3 d5 3.Bb2 Nf6 4.g3 Bg4 5.Bg2 e6 6.Nf3 Nbd7 7.O-O Be7 8.d3 O-O
9.Nbd2 a5 10.a3 Qb6 11.Rb1 Rfd8 12.Qc2 h6 13.Rfe1 Bf5 14.b4 axb4 15.axb4 Ra2
16.Qb3 Rda8 17.c5 Qc7 18.Nd4 Bg6 19.Nc2 R2a6 20.e4 dxe4 21.dxe4 b6 22.cxb6 Rxb6
23.Bd4 Rb7 24.Qc3 e5 25.Be3 Rab8 26.f3 c5  1/2-1/2

[Event "FRA-ch"]
[Site "Toulouse"]
[Date "1995.??.??"]
[Round "2"]
[White "Hauchard, Arnaud"]
[Black "Anic, Darko"]
[Result "1-0"]
[WhiteElo "2460"]
[BlackElo "2410"]

1.c4 c6 2.Nc3 Nf6 3.e4 e5 4.Nf3 d6 5.d4 Nbd7 6.Be2 Be7 7.O-O O-O 8.Qc2 Re8
9.Rd1 Bf8 10.Bg5 Qc7 11.Rac1 a5 12.Bh4 g6 13.c5 exd4 14.cxd6 Bxd6 15.Nb5 cxb5
16.Qxc7 Bxc7 17.Rxc7 Rxe4 18.Bxb5 Kg7 19.Bg3 h6 20.Nxd4 Nb6 21.f3 Re3 22.Nc2 Re6
23.Rd8 Nfd5 24.Rc5 Nf6 25.Nd4 Re7 26.Bd6 Re1+ 27.Kf2 Rb1 28.Be5 Rxb2+ 29.Kg3 Rxg2+
30.Kxg2 Bh3+ 31.Kxh3 Rxd8 32.Rc7  1-0

[Event "FRA-ch"]
[Site "Toulouse"]
[Date "1995.??.??"]
[Round "15"]
[White "Chabanon, Jean Luc"]
[Black "Luce, Sebastien"]
[Result "1-0"]
[WhiteElo "2480"]
[BlackElo "2415"]

1.c4 c6 2.d4 d5 3.Nf3 Nf6 4.Nc3 dxc4 5.a4 a5 6.e4 Bg4 7.Be3 e6 8.Bxc4 Bb4
9.Qc2 Nbd7 10.Ne5 Nxe5 11.dxe5 Nd7 12.f4 g5 13.fxg5 Nxe5 14.Bf1 h6 15.gxh6 Rxh6
16.Qd2 Qh4+ 17.Qf2 Qxf2+ 18.Kxf2 Rh7 19.Na2 Be7 20.Bd4 Bd6 21.h3 O-O-O 22.Bc3 Bc7
23.b4 axb4 24.Nxb4 f5 25.a5 fxe4 26.Ke3 Bf5 27.a6 Bb6+ 28.Kf4 Ng6+ 29.Kg3 Bc7+
30.Kf2 Bb6+ 31.Ke1 bxa6 32.Nxc6 Rd6 33.Bxa6+ Kc7 34.Ne5 Nf4 35.g4 Ng2+ 36.Ke2 Nf4+
37.Kf1 Rxh3 38.Rxh3 Nxh3 39.gxf5 exf5 40.Nc4 Rg6 41.Be5+ Kd7 42.Bh2 Bc7 43.Bb5+ Ke7
44.Ra7  1-0

[Event "American op"]
[Site "USA"]
[Date "1995.??.??"]
[Round "2"]
[White "Dorsch, Thomas"]
[Black "Izmukhambetov, Salauat"]
[Result "0-1"]
[WhiteElo "2130"]
[BlackElo "2125"]

1.c4 c6 2.g3 d5 3.cxd5 cxd5 4.Bg2 Nf6 5.Nf3 Nc6 6.O-O Bg4 7.a3 e6 8.b4 Be7
9.Bb2 O-O 10.d3 Nd7 11.b5 Na5 12.Bd4 Bh5 13.Nbd2 Nc5 14.Qc2 Rc8 15.Rac1 Ncb3
16.Qxc8 Qxc8 17.Rxc8 Rxc8 18.Nxb3 Nxb3 19.a4 Rc2 20.Be5 Rxe2 21.Bb8 Bc5 22.Ne5 f6
23.Bf3 Bxf3 24.Nxf3 e5 25.Nh4 g6 26.Rb1 Bxf2+ 27.Kh1 Nd4 28.Rc1 Ne6 29.a5 Rb2
30.Bxa7 Bxa7 31.Rc8+ Kg7 32.b6 Bxb6 33.axb6 Rxb6 34.Kg2 Rb2+ 35.Kg1 Rb3 36.Re8 Kf7
37.Rb8 Nc5 38.Kg2 Rxd3 39.Rc8 Ne6 40.Kf1 d4  0-1

[Event "Val Thorens op"]
[Site "Val Thorens"]
[Date "1995.??.??"]
[Round "?"]
[White "Horvath, J."]
[Black "Varga, Peter"]
[Result "1/2-1/2"]
[WhiteElo "2510"]
[BlackElo "2415"]

1.c4 c6 2.e4 d5 3.exd5 cxd5 4.d4 Nf6 5.Nc3 e6 6.Nf3 Bb4 7.cxd5 Nxd5 8.Qc2 Nc6
9.Bd3 Be7 10.a3 Nf6 11.O-O O-O 12.Be3 g6 13.Rad1 Bd7 14.Ne5 Rc8 15.Qe2 Nd5
16.Nxd5 exd5 17.Rfe1 Bf6 18.f4 Ne7 19.Bf2 Bf5 20.g4 Bxd3 21.Rxd3 Nc6 22.g5 Bg7
23.Qg4 Ne7 24.Nd7 Nf5 25.Nxf8 Qxf8 26.Qf3 Qd6 27.Re2 b5 28.Kg2 h5 29.gxh6 Nxh6
30.h4 Nf5 31.h5 Bf6 32.hxg6 fxg6 33.Rd1 Kf7 34.Ree1 Qd7 35.Rh1 Kg8 36.Qd3 Rc4
37.b3 Rc8 38.Rh3 a6 39.a4 Rf8 40.axb5 axb5 41.Rdh1 b4 42.Rc1 Qd6 43.Qd2 Ng7
44.Bg3 Nf5 45.Bf2 Ng7 46.Bg3 Nf5 47.Bf2  1/2-1/2

[Event "ITA-ch"]
[Site "Verona"]
[Date "1995.??.??"]
[Round "8"]
[White "Contin, Daniel"]
[Black "Sarno, Spartaco"]
[Result "0-1"]
[WhiteElo "2365"]
[BlackElo "2405"]

1.c4 c6 2.e4 e5 3.Nc3 Nf6 4.Nf3 d6 5.d4 Nbd7 6.g3 Be7 7.Bg2 O-O 8.O-O Re8
9.d5 c5 10.Ne1 Nf8 11.Nd3 Ng6 12.a3 h6 13.b4 b6 14.f4 Bg4 15.Qc2 exf4 16.gxf4 Nh4
17.f5 Kh7 18.bxc5 bxc5 19.e5 dxe5 20.Nxe5 Bh5 21.Bf4 Bd6 22.Nc6 Qd7 23.Bg3 Nxg2
24.Qxg2 Bxg3 25.Qxg3 Ne4 26.Qh3 Nxc3 27.Qxc3 Re4 28.Ne5 Qe7 29.Rae1 Qg5+
30.Qg3 Rxe1 31.Rxe1 Qxf5 32.Nd3 Qf6 33.Nf4 Bg6 34.Nxg6 fxg6 35.Qe5 Qf3 36.Qg3 Qf5
37.h3 Rf8 38.Qe3 Rf6 39.Re2 Qf1+ 40.Kh2 Rf3 41.Qe6 Rd3 42.Qg4 h5  0-1

[Event "Viernheim"]
[Site "Viernheim"]
[Date "1995.??.??"]
[Round "1"]
[White "Smejkal, Jan"]
[Black "Beikert, Guenther"]
[Result "1-0"]
[WhiteElo "2520"]
[BlackElo "2455"]

1.c4 c6 2.e4 d5 3.exd5 cxd5 4.d4 Nf6 5.Nc3 g6 6.Qb3 Bg7 7.cxd5 O-O 8.Be2 Qb6
9.Qxb6 axb6 10.Nf3 Rd8 11.Bc4 Na6 12.O-O Nb4 13.d6 exd6 14.Bg5 d5 15.Bb3 Be6
16.Rfd1 h6 17.Bf4 Ne8 18.h3 g5 19.Be5 f6 20.Bg3 Bf8 21.a3 Nc6 22.Nh2 Na5
23.Ba2 Nc4 24.Bxc4 dxc4 25.Nf1 Bf5 26.Ne3 Bd3 27.Rd2 Ra5 28.Rad1 b5 29.Nc2 Bxc2
30.Rxc2 b4 31.axb4 Bxb4 32.Re2 Kf7 33.Rde1 Raa8 34.d5 Rd7 35.Re6 Rad8 36.Rb6 Ba5
37.Rb5 b6 38.Re4 Rc8 39.Re6 Rcd8 40.Rc6 Nd6 41.Bxd6 Rxd6 42.Rxc4 Bxc3 43.Rxc3 Rxd5
44.Rxb6 R8d6 45.Rc7+ Ke6 46.Rbb7 Rd1+ 47.Kh2 R1d2 48.Re7+ Kd5 49.Rb5+ Kc6
50.Rf5 Rxb2 51.Rf7 Re2 52.R5xf6 Ree6 53.Rxe6 Rxe6 54.Kg3 h5 55.Rf5 Rg6 56.h4 gxh4+
57.Kh3  1-0

[Event "Viernheim"]
[Site "Viernheim"]
[Date "1995.??.??"]
[Round "5"]
[White "Bezold, Michael"]
[Black "Grund, Holger"]
[Result "1-0"]
[WhiteElo "2490"]
[BlackElo "2335"]

1.c4 c6 2.Nf3 Nf6 3.d4 d5 4.Nc3 dxc4 5.a4 Na6 6.e4 Bg4 7.Bxc4 e6 8.O-O Nb4
9.Be3 Be7 10.Qb3 Bxf3 11.gxf3 a5 12.Kh1 O-O 13.Rg1 Nd7 14.Rg3 e5 15.Rag1 Bf6
16.Bh6 exd4 17.Bxf7+ Kh8 18.Rxg7 Ne5 19.Qe6 Ng6 20.Rxh7+ Kxh7 21.Qf5 Rg8
22.Qh5 Rg7 23.Bc1+  1-0

[Event "LTU-ch"]
[Site "Vilnius"]
[Date "1995.??.??"]
[Round "8"]
[White "Gedgaudas, Raimundas"]
[Black "Linauskas, Dainius"]
[Result "0-1"]
[WhiteElo "2225"]
[BlackElo "2320"]

1.c4 c6 2.e4 d5 3.exd5 cxd5 4.d4 e6 5.Nc3 Nf6 6.Nf3 Be7 7.Bd3 O-O 8.O-O dxc4
9.Bxc4 a6 10.a4 Nc6 11.Re1 Nb4 12.Bg5 Nfd5 13.Bxe7 Nxe7 14.Qb3 Nbc6 15.Bd3 b6
16.Rad1 Bb7 17.Bb1 g6 18.Ne4 Nd5 19.Ne5 Qe7 20.Qh3 Kg7 21.Ba2 Rad8 22.Bxd5 Rxd5
23.f4 Nxd4 24.Rxd4 Rxd4 25.Ng5 h5 26.Nexf7 Bd5 27.f5 Qc5 28.Qe3 Rd2 29.Nxe6+ Bxe6
30.fxe6 Re8 31.Qxc5 bxc5 32.Ng5 Rxb2 33.e7 Kf6 34.Ne4+ Kxe7 35.Nd6+ Kxd6
36.Rxe8 c4 37.h4 c3 38.Kh2 c2 39.Rc8 Kd5 40.Kg3 Ke4 41.Kh2 Ke3  0-1

[Event "AUT-chT9596"]
[Site "Vorarlberg"]
[Date "1995.??.??"]
[Round "2"]
[White "Foerch, August"]
[Black "Welsh, Michael"]
[Result "0-1"]
[WhiteElo "1900"]
[BlackElo "2200"]

1.c4 c6 2.d4 e6 3.Nc3 d5 4.e3 Nd7 5.Nf3 f5 6.a3 Ngf6 7.Be2 Ne4 8.O-O Bd6
9.cxd5 exd5 10.Ne1 O-O 11.f4 Ndf6 12.Nd3 Be6 13.Ne5 Rc8 14.Nxe4 dxe4 15.b4 a6
16.Qd2 Nd5 17.Bb2 g5 18.g3 Rc7 19.Kh1 Kh8 20.Nc4 gxf4 21.gxf4 Rg7 22.Nxd6 Qxd6
23.Rg1 Rfg8 24.Rxg7 Rxg7 25.Rg1 Qe7 26.Rxg7 Qxg7 27.Bc1 Qh6 28.Qe1 Qh3 29.Qg3 Qxg3
30.hxg3 Nc3 31.Bh5 Kg7 32.Kh2 Bf7 33.Bxf7 Kxf7 34.Bd2 Nd1 35.Kg2 Kg6 36.Kh3 Nf2+
37.Kh4 Ng4 38.Bc1 Nh2 39.Kh3 Ng4 40.Kh4 h5 41.Bd2 Nh2 42.Kh3 Nf3 43.Bc3 Kf7
44.Kg2 Ke6 45.Kf1 Kd5 46.Ke2 Kc4 47.Bb2 Kb3 48.Ba1 Kxa3 49.Kd1 Kxb4 50.Kc2 Kc4  0-1